[Event "SEMI ECT1 A email"]
[Site "SEMI email"]
[Date "1998.05.04"]
[Round "?"]
[White "Barks, Len"]
[Black "Hill, John"]
[Result "1/2-1/2"]
[WhiteElo "1900"]
[BlackElo "1500"]
[PlyCount "75"]
[EventDate "1998.??.??"]
[EventType "tourn (corr)"]
[EventRounds "10"]
[EventCountry "ITA"]
[SourceTitle "Corr 2008"]
[Source "ChessBase"]
[SourceDate "2008.06.24"]
[SourceVersion "1"]
[SourceVersionDate "2008.06.24"]
[SourceQuality "1"]

1. e4 e5 2. Nf3 Nf6 3. d4 Nxe4 4. Bd3 d5 5. Nxe5 Bd6 6. Nc3 Nxc3 7. bxc3 Bxe5 8. dxe5 Nc6 9. f4 Qh4+ 10. g3 Qe7 11. Rb1 b6 12. Bb5 Qc5 13. Qf3 Bb7 14. Qd3 0-0 15. Rb3 d4 16. Rf1 Rfd8 17. Ba3 Qd5 18. Bc4 Qg2 19. Rf2 Qh1+ 20. Rf1 Qxh2 21. Bxf7+ Kh8 22. c4 Na5 23. Rb2 c5 24. Rf2 Qh1+ 25. Rf1 Qe4+ 26. Qxe4 Bxe4 27. Rf2 Nc6 28. Rb3 Ne7 29. Re2 Bc6 30. Be6 Rf8 31. Kd2 Rad8 32. Rd3 Nf5 33. Bxf5 Rxf5 34. c3 dxc3+ 35. Kxc3 Rxd3+ 36. Kxd3 g6 37. Bb2 Kg8 38. e6 1/2-1/2